| 000 -LEADER | |
|---|---|
| fixed length control field | 00471nam a22001697a 4500 |
| 005 - DATE AND TIME OF LATEST TRANSACTION | |
| control field | 20240110120123.0 |
| 008 - FIXED-LENGTH DATA ELEMENTS--GENERAL INFORMATION | |
| fixed length control field | 190917b xxu||||| |||| 00| 0 eng d |
| 020 ## - INTERNATIONAL STANDARD BOOK NUMBER | |
| ISBN | 978-93-86478-50-4 |
| 041 ## - LANGUAGE CODE | |
| Language code of text/sound track or separate title | eng |
| 100 ## - MAIN ENTRY--AUTHOR NAME | |
| Personal name | RAJE,V.N |
| 245 ## - TITLE STATEMENT | |
| Title | HUMAN ANATOMY AND PHYSIOLOGY FOR FIRST YEARS DIPLOMA IN PHARMACY |
| 250 ## - EDITION STATEMENT | |
| Edition statement | 3rd ED. 2018 |
| 260 ## - PUBLICATION, DISTRIBUTION, ETC. (IMPRINT) | |
| Place of publication | NEW DELHI |
| Name of publisher | CBS. PUBLISHERS AND DISTRIBUTORS PVT,LTD |
| 300 ## - PHYSICAL DESCRIPTION | |
| Number of Pages | 189p, |
| 650 ## - SUBJECT ADDED ENTRY--TOPICAL TERM | |
| Topical Term | PHARMACY |
| General subdivision | D.PHARMA |
| 942 ## - ADDED ENTRY ELEMENTS (KOHA) | |
| Koha item type | Books |
| Lost status | Damaged status | Collection code | Home library | Current library | Shelving location | Date acquired | Source of acquisition | Cost, normal purchase price | Full call number | Accession Number | Koha item type |
|---|---|---|---|---|---|---|---|---|---|---|---|
| PHARMACY | JRU Library | JRU Library | Shelf - 23- H | 17/09/2019 | PURCHESS | 220.00 | 612 | 23428 | Books | ||
| Reference | JRU Library | JRU Library | SHELF-4-D | 17/09/2019 | PURCHESS | 220.00 | 612 | 23429 | Books | ||
| PHARMACY | JRU Library | JRU Library | Shelf - 23- H | 17/09/2019 | PURCHESS | 220.00 | 612 | 23430 | Books | ||
| PHARMACY | JRU Library | JRU Library | Shelf - 23- H | 17/09/2019 | PURCHESS | 220.00 | 612 | 23431 | Books |